Draper's book of quotations for the Christian world / (Record no. 2762)
[ view plain ]
| 000 -LEADER | |
|---|---|
| fixed length control field | 00965nam a2200301 a 4500 |
| 001 - CONTROL NUMBER | |
| control field | 24589853 |
| 003 - CONTROL NUMBER IDENTIFIER | |
| control field | OCoLC |
| 005 - DATE AND TIME OF LATEST TRANSACTION | |
| control field | 20181018131022.0 |
| 008 - FIXED-LENGTH DATA ELEMENTS--GENERAL INFORMATION | |
| fixed length control field | 910911s1992 ilu 000 0 eng |
| 010 ## - LIBRARY OF CONGRESS CONTROL NUMBER | |
| LC control number | 91-35165 |
| 020 ## - INTERNATIONAL STANDARD BOOK NUMBER | |
| International Standard Book Number | 0842351094 : |
| 035 ## - SYSTEM CONTROL NUMBER | |
| System control number | 5180888 |
| 040 ## - CATALOGING SOURCE | |
| Original cataloging agency | DLC |
| Transcribing agency | DLC |
| Modifying agency | OSU |
| 050 ## - LIBRARY OF CONGRESS CALL NUMBER | |
| Classification number | PN6081 |
| Item number | .D72 1992 |
| 050 00 - LIBRARY OF CONGRESS CALL NUMBER | |
| Classification number | PN6081 |
| Item number | .D72 1992 |
| 082 ## - DEWEY DECIMAL CLASSIFICATION NUMBER | |
| Classification number | 082 |
| Item number | D765D |
| 100 1# - MAIN ENTRY--PERSONAL NAME | |
| Personal name | Draper, Edythe |
| 240 10 - UNIFORM TITLE | |
| Uniform title | Book of quotations for the Christian world |
| 245 10 - TITLE STATEMENT | |
| Title | Draper's book of quotations for the Christian world / |
| Statement of responsibility, etc. | Edythe Draper |
| 260 ## - PUBLICATION, DISTRIBUTION, ETC. | |
| Place of publication, distribution, etc. | Wheaton, Ill. : |
| Name of publisher, distributor, etc. | Tyndale House, |
| Date of publication, distribution, etc. | c1992 |
| 300 ## - PHYSICAL DESCRIPTION | |
| Extent | xi, 1406 p. ; |
| Dimensions | 25 cm |
| 500 ## - GENERAL NOTE | |
| General note | Contains over 12,000 quotes arranged by over 550 topics and includes 80,000 index entries--cf. Bk. jkt |
| 500 ## - GENERAL NOTE | |
| General note | Includes indexes |
| 650 #0 - SUBJECT ADDED ENTRY--TOPICAL TERM | |
| Topical term or geographic name entry element | Quotations, English |
| 650 #0 - SUBJECT ADDED ENTRY--TOPICAL TERM | |
| Topical term or geographic name entry element | Theology |
| General subdivision | Quotations, maxims, etc |
| 740 01 - ADDED ENTRY--UNCONTROLLED RELATED/ANALYTICAL TITLE | |
| Uncontrolled related/analytical title | Book of quotations for the Christian world |
| 942 ## - ADDED ENTRY ELEMENTS (KOHA) | |
| Source of classification or shelving scheme | Dewey Decimal Classification |
| Koha item type | Books |
| Withdrawn status | Lost status | Source of classification or shelving scheme | Damaged status | Not for loan | Collection code | Home library | Current library | Shelving location | Date acquired | Cost, normal purchase price | Total Checkouts | Full call number | Barcode | Date last seen | Price effective from | Koha item type |
|---|---|---|---|---|---|---|---|---|---|---|---|---|---|---|---|---|
| Dewey Decimal Classification | Not For Loan | Non-fiction | Harvest Mission College | Harvest Mission College | Reference | 18.10.2018 | 3000.00 | REF 082 D765D | 000257 | 18.10.2018 | 18.10.2018 | Reference |
